[Event "DEM U8 2025"]
[Site "Willingen GER"]
[Date "2025.06.14"]
[Round "7"]
[White "Komar, Mykhail"]
[Black "Muradyan, Mark"]
[Result "1-0"]
[Termination "normal"]
[Board "18"]
[WhiteElo "1462"]
[BlackElo "849"]
[WhiteClock "00:54:01"]
[BlackClock "00:51:00"]
[PlyCount "74"]
[WhiteFideId "533021864"]
[EventCountry "GER"]
[EventRounds "7"]
[EventType "swiss"]
[EventDate "2025.06.10"]

1. e4 {[%clk 01:00:26]} {[%emt 00:15:08]} e5 {[%clk 01:00:20]} {[%emt
00:00:40]} 2. Nf3 {[%clk 01:00:35]} {[%emt 00:00:07]} Nc6 {[%clk 01:00:26]}
{[%emt 00:00:08]} 3. d4 {[%clk 01:00:43]} {[%emt 00:00:06]} exd4 {[%clk
01:00:31]} {[%emt 00:00:11]} 4. Nxd4 {[%clk 01:00:50]} {[%emt 00:00:07]} Nxd4
{[%clk 01:00:30]} {[%emt 00:00:16]} 5. Qxd4 {[%clk 01:00:57]} {[%emt 00:00:09]}
d6 {[%clk 01:00:06]} {[%emt 00:00:39]} 6. Nc3 {[%clk 01:00:55]} {[%emt
00:00:16]} c5 {[%clk 01:00:05]} {[%emt 00:00:17]} 7. Qd1 {[%clk 01:00:55]}
{[%emt 00:00:15]} Be7 {[%clk 00:59:51]} {[%emt 00:00:29]} 8. Bc4 {[%clk
01:00:56]} {[%emt 00:00:13]} Bf6 {[%clk 00:59:43]} {[%emt 00:00:24]} 9. Nd5
{[%clk 01:00:35]} {[%emt 00:00:36]} Be5 {[%clk 00:59:17]} {[%emt 00:00:41]} 10.
Bf4 {[%clk 01:00:06]} {[%emt 00:00:43]} Be6 {[%clk 00:59:09]} {[%emt 00:00:24]}
11. Bxe5 {[%clk 00:59:45]} {[%emt 00:00:35]} dxe5 {[%clk 00:59:01]} {[%emt
00:00:22]} 12. Ne3 {[%clk 00:59:53]} {[%emt 00:00:08]} Qxd1+ {[%clk 00:58:32]}
{[%emt 00:00:43]} 13. Rxd1 {[%clk 00:59:57]} {[%emt 00:00:12]} Bxc4 {[%clk
00:58:23]} {[%emt 00:00:25]} 14. Nxc4 {[%clk 01:00:01]} {[%emt 00:00:11]} Ne7
{[%clk 00:57:57]} {[%emt 00:00:41]} 15. Nxe5 {[%clk 01:00:02]} {[%emt
00:00:13]} O-O {[%clk 00:57:40]} {[%emt 00:00:33]} 16. Nd7 {[%clk 00:59:55]}
{[%emt 00:00:22]} Rfd8 {[%clk 00:57:33]} {[%emt 00:00:21]} 17. Nxc5 {[%clk
00:59:57]} {[%emt 00:00:13]} Rxd1+ {[%clk 00:57:25]} {[%emt 00:00:23]} 18. Kxd1
{[%clk 00:59:59]} {[%emt 00:00:14]} Rd8+ {[%clk 00:57:13]} {[%emt 00:00:26]}
19. Nd3 {[%clk 01:00:01]} {[%emt 00:00:13]} Ng6 {[%clk 00:56:46]} {[%emt
00:00:42]} 20. Kc1 {[%clk 01:00:02]} {[%emt 00:00:13]} Rc8 {[%clk 00:56:18]}
{[%emt 00:00:45]} 21. Rd1 {[%clk 00:59:10]} {[%emt 00:01:03]} Rd8 {[%clk
00:56:10]} {[%emt 00:00:26]} 22. Nc5 {[%clk 00:59:02]} {[%emt 00:00:23]} Rxd1+
{[%clk 00:56:08]} {[%emt 00:00:18]} 23. Kxd1 {[%clk 00:59:06]} {[%emt
00:00:11]} b6 {[%clk 00:55:57]} {[%emt 00:00:26]} 24. Nb3 {[%clk 00:59:05]}
{[%emt 00:00:16]} Ne5 {[%clk 00:55:38]} {[%emt 00:00:32]} 25. f3 {[%clk
00:58:30]} {[%emt 00:00:51]} Nc4 {[%clk 00:55:20]} {[%emt 00:00:34]} 26. Kc1
{[%clk 00:58:30]} {[%emt 00:00:15]} Kf8 {[%clk 00:55:03]} {[%emt 00:00:32]} 27.
Nd2 {[%clk 00:58:29]} {[%emt 00:00:16]} Ne3 {[%clk 00:54:46]} {[%emt 00:00:32]}
28. g3 {[%emt 00:00:27]} g6 {[%clk 00:54:43]} {[%emt 00:00:16]} 29. b3 {[%clk
00:57:12]} {[%emt 00:01:21]} Ke7 {[%clk 00:54:24]} {[%emt 00:00:35]} 30. Kb2
{[%clk 00:57:04]} {[%emt 00:00:23]} f5 {[%clk 00:54:04]} {[%emt 00:00:35]} 31.
Kc3 {[%clk 00:56:57]} {[%emt 00:00:21]} fxe4 {[%clk 00:53:18]} {[%emt
00:01:02]} 32. Nxe4 {[%clk 00:56:34]} {[%emt 00:00:38]} Nf5 {[%clk 00:53:03]}
{[%emt 00:00:29]} 33. Kb4 {[%clk 00:55:51]} {[%emt 00:00:58]} a5+ {[%clk
00:52:33]} {[%emt 00:00:46]} 34. Kb5 {[%clk 00:55:11]} {[%emt 00:00:55]} Nd4+
{[%clk 00:52:29]} {[%emt 00:00:19]} 35. Kxb6 {[%clk 00:55:04]} {[%emt
00:00:22]} Nxc2 {[%clk 00:51:59]} {[%emt 00:00:44]} 36. Kxa5 {[%clk 00:54:21]}
{[%emt 00:00:59]} Na3 {[%clk 00:51:11]} {[%emt 00:01:02]} 37. Ka4 {[%clk
00:54:01]} {[%emt 00:00:36]} Nc2 {[%clk 00:51:00]} {[%emt 00:00:26]} 1-0

[Event "DEM U8 2025"]
[Site "Willingen GER"]
[Date "2025.06.14"]
[Round "7"]
[White "Gurevich, Lev"]
[Black "Breger, Jonathan"]
[Result "1/2-1/2"]
[Termination "normal"]
[Board "19"]
[WhiteElo "799"]
[BlackElo "1019"]
[WhiteClock "00:41:14"]
[BlackClock "00:28:43"]
[PlyCount "138"]
[BlackFideId "533035768"]
[EventCountry "GER"]
[EventRounds "7"]
[EventType "swiss"]
[EventDate "2025.06.10"]

1. d4 {[%clk 01:00:27]} {[%emt 00:00:02]} d5 {[%clk 01:00:18]} {[%emt
00:00:13]} 2. Bf4 {[%clk 01:00:34]} {[%emt 00:00:07]} Nf6 {[%clk 01:00:17]}
{[%emt 00:00:17]} 3. Nc3 {[%clk 01:00:40]} {[%emt 00:00:09]} Bf5 {[%clk
01:00:08]} {[%emt 00:00:24]} 4. Nb5 {[%clk 01:00:39]} {[%emt 00:00:15]} Na6
{[%clk 00:59:56]} {[%emt 00:00:27]} 5. a3 {[%clk 01:00:17]} {[%emt 00:00:38]}
c6 {[%clk 00:59:30]} {[%emt 00:00:41]} 6. Nc3 {[%clk 01:00:21]} {[%emt
00:00:11]} e6 {[%clk 00:59:21]} {[%emt 00:00:24]} 7. Nf3 {[%clk 01:00:07]}
{[%emt 00:00:18]} Be7 {[%clk 00:58:14]} {[%emt 00:01:32]} 8. e3 {[%clk
00:59:48]} {[%emt 00:00:12]} Nc7 {[%clk 00:58:18]} {[%emt 00:00:34]} 9. h3
{[%clk 00:59:21]} {[%emt 00:00:42]} O-O {[%clk 00:58:03]} {[%emt 00:00:29]} 10.
Bd3 {[%emt 00:00:19]} Bg6 {[%emt 00:00:33]} 11. O-O {[%clk 00:57:57]} {[%emt
00:00:47]} Ne4 {[%clk 00:57:12]} {[%emt 00:01:07]} 12. Bxe4 {[%clk 00:57:40]}
{[%emt 00:00:31]} dxe4 {[%clk 00:56:52]} {[%emt 00:00:36]} 13. Ne5 {[%clk
00:56:14]} {[%emt 00:00:12]} Bd6 {[%clk 00:53:35]} {[%emt 00:04:58]} 14. f3
{[%clk 00:54:46]} {[%emt 00:01:45]} Bxe5 {[%clk 00:52:59]} {[%emt 00:00:51]}
15. Bxe5 {[%clk 00:54:24]} {[%emt 00:00:37]} f5 {[%clk 00:52:33]} {[%emt
00:00:41]} 16. Bxc7 {[%clk 00:54:24]} {[%emt 00:00:16]} Qxc7 {[%clk 00:52:26]}
{[%emt 00:00:21]} 17. f4 {[%emt 00:00:11]} Rad8 {[%emt 00:00:28]} 18. Ne2
{[%clk 00:53:10]} {[%emt 00:00:50]} c5 {[%clk 00:52:08]} {[%emt 00:00:33]} 19.
c3 {[%clk 00:53:05]} {[%emt 00:00:20]} Rfe8 {[%clk 00:51:05]} {[%emt 00:01:18]}
20. Qa4 {[%clk 00:52:07]} {[%emt 00:01:13]} cxd4 {[%clk 00:50:34]} {[%emt
00:00:47]} 21. cxd4 {[%clk 00:51:41]} {[%emt 00:00:40]} Bh5 {[%clk 00:49:58]}
{[%emt 00:00:52]} 22. Ng3 {[%clk 00:51:23]} {[%emt 00:00:21]} Bf7 {[%clk
00:48:12]} {[%emt 00:02:13]} 23. Qxa7 {[%clk 00:51:07]} {[%emt 00:00:31]} Rd7
{[%clk 00:45:01]} {[%emt 00:03:25]} 24. Qc5 {[%clk 00:51:01]} {[%emt 00:00:21]}
Qxc5 {[%clk 00:44:38]} {[%emt 00:00:39]} 25. dxc5 {[%clk 00:51:00]} {[%emt
00:00:16]} Rd3 {[%clk 00:44:30]} {[%emt 00:00:22]} 26. Rfe1 {[%clk 00:50:36]}
{[%emt 00:00:37]} Rc8 {[%clk 00:44:14]} {[%emt 00:00:32]} 27. b4 {[%clk
00:50:41]} {[%emt 00:00:12]} Be8 {[%clk 00:43:32]} {[%emt 00:00:57]} 28. Kf2
{[%clk 00:50:03]} {[%emt 00:00:52]} Bb5 {[%clk 00:42:20]} {[%emt 00:01:27]} 29.
Red1 {[%clk 00:49:38]} {[%emt 00:00:40]} Rcd8 {[%clk 00:42:10]} {[%emt
00:00:26]} 30. Rxd3 {[%clk 00:49:29]} {[%emt 00:00:22]} exd3 {[%clk 00:42:10]}
{[%emt 00:00:15]} 31. a4 {[%clk 00:48:46]} {[%emt 00:01:00]} d2 {[%clk
00:41:50]} {[%emt 00:00:35]} 32. axb5 {[%clk 00:48:52]} {[%emt 00:00:09]} d1=Q
{[%clk 00:41:48]} {[%emt 00:00:16]} 33. Rxd1 {[%clk 00:48:58]} {[%emt
00:00:09]} Rxd1 {[%clk 00:41:42]} {[%emt 00:00:21]} 34. e4 {[%clk 00:48:01]}
{[%emt 00:01:12]} fxe4 {[%clk 00:41:21]} {[%emt 00:00:36]} 35. Nxe4 {[%clk
00:48:02]} {[%emt 00:00:14]} Rb1 {[%clk 00:41:19]} {[%emt 00:00:17]} 36. c6
{[%clk 00:47:50]} {[%emt 00:00:27]} bxc6 {[%clk 00:39:39]} {[%emt 00:01:55]}
37. bxc6 {[%clk 00:47:54]} {[%emt 00:00:12]} Rxb4 {[%clk 00:37:39]} {[%emt
00:02:16]} 38. Nc5 {[%clk 00:47:51]} {[%emt 00:00:17]} Rc4 {[%clk 00:37:27]}
{[%emt 00:00:27]} 39. Nxe6 {[%clk 00:47:43]} {[%emt 00:00:23]} Rxc6 {[%clk
00:37:27]} {[%emt 00:00:15]} 40. f5 {[%clk 00:47:50]} {[%emt 00:00:09]} g6
{[%clk 00:37:25]} {[%emt 00:00:15]} 41. g4 {[%clk 00:47:50]} {[%emt 00:00:16]}
gxf5 {[%clk 00:37:10]} {[%emt 00:00:30]} 42. gxf5 {[%clk 00:47:52]} {[%emt
00:00:11]} h6 {[%clk 00:36:02]} {[%emt 00:01:24]} 43. h4 {[%clk 00:47:39]}
{[%emt 00:00:28]} Rd6 {[%clk 00:35:25]} {[%emt 00:00:52]} 44. Kg3 {[%clk
00:47:34]} {[%emt 00:00:19]} Kf7 {[%clk 00:35:05]} {[%emt 00:00:36]} 45. Kf4
{[%clk 00:46:27]} {[%emt 00:01:05]} Kf6 {[%clk 00:34:29]} {[%emt 00:01:04]} 46.
Ke4 {[%clk 00:44:57]} {[%emt 00:01:49]} Ra6 {[%clk 00:33:36]} {[%emt 00:01:04]}
47. Nc5 {[%clk 00:42:35]} {[%emt 00:02:42]} Ra5 {[%clk 00:33:12]} {[%emt
00:00:34]} 48. Nd7+ {[%clk 00:42:40]} {[%emt 00:00:15]} Ke7 {[%clk 00:32:32]}
{[%emt 00:00:55]} 49. Ne5 {[%clk 00:42:40]} {[%emt 00:00:14]} Ra4+ {[%clk
00:32:16]} {[%emt 00:00:32]} 50. Kf3 {[%clk 00:42:39]} {[%emt 00:00:16]} Kf6
{[%clk 00:32:11]} {[%emt 00:00:20]} 51. Ng4+ {[%clk 00:42:41]} {[%emt
00:00:13]} Kxf5 {[%clk 00:31:54]} {[%emt 00:00:33]} 52. Nxh6+ {[%clk 00:42:46]}
{[%emt 00:00:09]} Kg6 {[%clk 00:31:44]} {[%emt 00:00:23]} 53. Ng4 {[%clk
00:42:57]} {[%emt 00:00:06]} Kh5 {[%clk 00:31:24]} {[%emt 00:00:35]} 54. Nf2
{[%clk 00:43:02]} {[%emt 00:00:09]} Kxh4 {[%clk 00:31:17]} {[%emt 00:00:22]}
55. Kg2 {[%clk 00:43:06]} {[%emt 00:00:11]} Ra3 {[%clk 00:31:07]} {[%emt
00:00:23]} 56. Kf1 {[%clk 00:42:39]} {[%emt 00:00:45]} Ra2 {[%clk 00:30:57]}
{[%emt 00:00:26]} 57. Ke1 {[%clk 00:42:24]} {[%emt 00:00:28]} Kg3 {[%clk
00:30:57]} {[%emt 00:00:16]} 58. Nd1 {[%clk 00:42:25]} {[%emt 00:00:14]} Kf3
{[%clk 00:30:48]} {[%emt 00:00:24]} 59. Nc3 {[%clk 00:42:34]} {[%emt 00:00:06]}
Rc2 {[%clk 00:30:37]} {[%emt 00:00:26]} 60. Na4 {[%clk 00:42:38]} {[%emt
00:00:12]} Ke3 {[%clk 00:30:28]} {[%emt 00:00:22]} 61. Kd1 {[%clk 00:42:54]}
{[%emt 00:01:21]} Kd3 {[%clk 00:30:20]} {[%emt 00:00:16]} 62. Ke1 {[%clk
00:42:53]} {[%emt 00:00:20]} Rd2 {[%clk 00:30:19]} {[%emt 00:00:20]} 63. Nc5+
{[%clk 00:42:53]} {[%emt 00:00:15]} Ke3 {[%clk 00:30:12]} {[%emt 00:00:20]} 64.
Nb3 {[%clk 00:42:08]} {[%emt 00:01:01]} Rb2 {[%clk 00:30:07]} {[%emt 00:00:20]}
65. Nc1 {[%clk 00:42:16]} {[%emt 00:00:05]} Rb1 {[%clk 00:30:05]} {[%emt
00:00:17]} 66. Kd1 {[%clk 00:42:17]} {[%emt 00:00:14]} Rb2 {[%clk 00:29:20]}
{[%emt 00:01:00]} 67. Ke1 {[%clk 00:42:20]} {[%emt 00:00:11]} Rd2 {[%clk
00:29:04]} {[%emt 00:00:30]} 68. Nb3 {[%clk 00:42:07]} {[%emt 00:00:30]} Re2+
{[%clk 00:28:52]} {[%emt 00:00:28]} 69. Kd1 {[%clk 00:41:14]} {[%emt 00:01:07]}
Kd3 {[%clk 00:28:43]} {[%emt 00:00:24]} 1/2-1/2

[Event "DEM U8 2025"]
[Site "Willingen GER"]
[Date "2025.06.14"]
[Round "7"]
[White "Falck, Aaron"]
[Black "Dimitrov, Simeon"]
[Result "1-0"]
[Termination "normal"]
[Board "20"]
[WhiteElo "989"]
[BlackElo "992"]
[WhiteClock "00:21:20"]
[BlackClock "00:20:57"]
[PlyCount "69"]
[WhiteFideId "533031002"]
[BlackFideId "533028214"]
[EventCountry "GER"]
[EventRounds "7"]
[EventType "swiss"]
[EventDate "2025.06.10"]

1. e4 {[%clk 01:00:27]} {[%emt 00:00:03]} c5 {[%clk 01:00:16]} {[%emt
00:00:14]} 2. c3 {[%clk 01:00:37]} {[%emt 00:00:06]} e6 {[%clk 01:00:01]}
{[%emt 00:00:28]} 3. d4 {[%clk 01:00:43]} {[%emt 00:00:11]} cxd4 {[%clk
00:59:21]} {[%emt 00:00:54]} 4. cxd4 {[%clk 01:00:46]} {[%emt 00:00:12]} d6
{[%clk 00:58:49]} {[%emt 00:00:47]} 5. Nf3 {[%clk 01:00:51]} {[%emt 00:00:10]}
Be7 {[%clk 00:58:04]} {[%emt 00:01:00]} 6. Be2 {[%clk 01:00:49]} {[%emt
00:00:17]} Nf6 {[%clk 00:57:03]} {[%emt 00:01:12]} 7. Nc3 {[%clk 01:00:47]}
{[%emt 00:00:21]} Nc6 {[%clk 00:56:15]} {[%emt 00:01:00]} 8. O-O {[%clk
01:00:50]} {[%emt 00:00:15]} O-O {[%clk 00:54:32]} {[%emt 00:01:59]} 9. Be3
{[%clk 01:00:59]} {[%emt 00:00:06]} d5 {[%clk 00:52:08]} {[%emt 00:02:36]} 10.
exd5 {[%clk 01:00:16]} {[%emt 00:01:00]} exd5 {[%clk 00:51:01]} {[%emt
00:01:22]} 11. a3 {[%clk 00:59:29]} {[%emt 00:01:02]} Ne4 {[%clk 00:49:09]}
{[%emt 00:02:08]} 12. Nxe4 {[%clk 00:58:14]} {[%emt 00:01:29]} dxe4 {[%clk
00:48:43]} {[%emt 00:00:40]} 13. Nd2 {[%emt 00:02:09]} Bf5 {[%clk 00:47:54]}
{[%emt 00:00:10]} 14. Nb3 {[%clk 00:52:19]} {[%emt 00:05:11]} Qd6 {[%clk
00:47:06]} {[%emt 00:01:03]} 15. Nc5 {[%clk 00:49:50]} {[%emt 00:02:45]} Qg6
{[%clk 00:46:07]} {[%emt 00:01:14]} 16. Kh1 {[%clk 00:49:17]} {[%emt 00:00:46]}
b6 {[%clk 00:43:43]} {[%emt 00:02:41]} 17. Nb3 {[%clk 00:47:49]} {[%emt
00:01:43]} Bd8 {[%emt 00:01:56]} 18. Rc1 {[%clk 00:45:27]} {[%emt 00:01:42]}
Bc7 {[%clk 00:41:38]} {[%emt 00:01:33]} 19. Ba6 {[%clk 00:44:49]} {[%emt
00:00:53]} Qd6 {[%clk 00:40:13]} {[%emt 00:01:40]} 20. f4 {[%clk 00:43:56]}
{[%emt 00:01:08]} Qd7 {[%clk 00:38:42]} {[%emt 00:01:47]} 21. Bb5 {[%clk
00:42:48]} {[%emt 00:01:22]} Bg4 {[%clk 00:38:00]} {[%emt 00:00:56]} 22. Qe1
{[%clk 00:40:57]} {[%emt 00:01:55]} Qe6 {[%clk 00:35:04]} {[%emt 00:03:21]} 23.
Bxc6 {[%clk 00:39:57]} {[%emt 00:01:17]} Rab8 {[%clk 00:34:42]} {[%emt
00:00:35]} 24. Bxe4 {[%clk 00:38:15]} {[%emt 00:01:59]} Bd6 {[%clk 00:32:48]}
{[%emt 00:01:55]} 25. Nd2 {[%clk 00:36:43]} {[%emt 00:02:00]} Qh6 {[%clk
00:29:51]} {[%emt 00:03:12]} 26. Nc4 {[%clk 00:30:07]} {[%emt 00:06:52]} Bc7
{[%clk 00:28:45]} {[%emt 00:01:21]} 27. Ne5 {[%clk 00:28:21]} {[%emt 00:01:59]}
Bxe5 {[%clk 00:27:48]} {[%emt 00:01:14]} 28. fxe5 {[%clk 00:27:55]} {[%emt
00:00:41]} Qe6 {[%clk 00:27:14]} {[%emt 00:00:48]} 29. Qh4 {[%clk 00:26:24]}
{[%emt 00:01:47]} h6 {[%clk 00:26:14]} {[%emt 00:01:14]} 30. Rc6 {[%clk
00:25:26]} {[%emt 00:01:05]} Qd7 {[%clk 00:23:55]} {[%emt 00:02:39]} 31. Bxh6
{[%clk 00:24:24]} {[%emt 00:01:22]} gxh6 {[%clk 00:22:56]} {[%emt 00:01:12]}
32. Qxh6 {[%clk 00:23:59]} {[%emt 00:00:42]} Rfe8 {[%clk 00:22:37]} {[%emt
00:00:26]} 33. Rcf6 {[%clk 00:21:41]} {[%emt 00:02:40]} Qb5 {[%clk 00:21:14]}
{[%emt 00:01:39]} 34. Qh7+ {[%clk 00:21:21]} {[%emt 00:00:34]} Kf8 {[%clk
00:20:57]} {[%emt 00:00:32]} 35. Qxf7# {[%clk 00:21:20]} {[%emt 00:00:16]} 1-0

[Event "DEM U8 2025"]
[Site "Willingen GER"]
[Date "2025.06.14"]
[Round "7"]
[White "Lassak, Max"]
[Black "Dowgialo, Franciszek"]
[Result "1-0"]
[Termination "normal"]
[Board "21"]
[WhiteElo "1025"]
[BlackElo "1044"]
[WhiteClock "00:30:58"]
[BlackClock "00:10:26"]
[PlyCount "99"]
[EventCountry "GER"]
[EventRounds "7"]
[EventType "swiss"]
[EventDate "2025.06.10"]

1. e4 {[%clk 01:00:26]} {[%emt 00:00:03]} e5 {[%clk 01:00:19]} {[%emt
00:00:11]} 2. Nf3 {[%clk 01:00:28]} {[%emt 00:00:13]} Nc6 {[%clk 01:00:14]}
{[%emt 00:00:20]} 3. Bc4 {[%clk 01:00:29]} {[%emt 00:00:15]} Bc5 {[%clk
00:59:38]} {[%emt 00:00:50]} 4. d3 {[%clk 01:00:21]} {[%emt 00:00:23]} Nge7
{[%clk 00:59:24]} {[%emt 00:00:29]} 5. Nc3 {[%clk 00:59:58]} {[%emt 00:00:39]}
O-O {[%clk 00:58:28]} {[%emt 00:01:10]} 6. O-O {[%clk 00:59:48]} {[%emt
00:00:25]} d6 {[%clk 00:57:55]} {[%emt 00:00:46]} 7. Bg5 {[%clk 00:59:18]}
{[%emt 00:00:47]} h6 {[%clk 00:57:02]} {[%emt 00:01:07]} 8. Bh4 {[%clk
00:59:18]} {[%emt 00:00:16]} Bg4 {[%clk 00:56:40]} {[%emt 00:00:37]} 9. h3
{[%clk 00:57:34]} {[%emt 00:02:00]} Bh5 {[%clk 00:56:12]} {[%emt 00:00:42]} 10.
Nd5 {[%clk 00:56:44]} {[%emt 00:01:06]} Re8 {[%clk 00:55:41]} {[%emt 00:00:46]}
11. c3 {[%clk 00:56:15]} {[%emt 00:00:44]} a6 {[%clk 00:52:41]} {[%emt
00:03:13]} 12. Bxe7 {[%clk 00:51:17]} {[%emt 00:05:14]} Rxe7 {[%clk 00:52:11]}
{[%emt 00:00:44]} 13. Nxe7+ {[%clk 00:51:12]} {[%emt 00:00:22]} Qxe7 {[%clk
00:52:05]} {[%emt 00:00:20]} 14. Bd5 {[%clk 00:50:47]} {[%emt 00:00:41]} Rd8
{[%clk 00:51:02]} {[%emt 00:01:16]} 15. Bxc6 {[%clk 00:50:26]} {[%emt
00:00:37]} bxc6 {[%clk 00:50:58]} {[%emt 00:00:20]} 16. Re1 {[%clk 00:50:16]}
{[%emt 00:00:24]} d5 {[%clk 00:49:37]} {[%emt 00:01:37]} 17. Qe2 {[%clk
00:48:37]} {[%emt 00:01:49]} Qf6 {[%clk 00:47:49]} {[%emt 00:02:07]} 18. Rab1
{[%clk 00:48:08]} {[%emt 00:00:45]} Ba7 {[%clk 00:46:39]} {[%emt 00:01:24]} 19.
Rbd1 {[%clk 00:47:28]} {[%emt 00:00:55]} c5 {[%clk 00:45:28]} {[%emt 00:01:27]}
20. c4 {[%clk 00:46:58]} {[%emt 00:00:45]} d4 {[%clk 00:44:39]} {[%emt
00:01:03]} 21. b3 {[%clk 00:46:50]} {[%emt 00:00:23]} Bb6 {[%clk 00:44:29]}
{[%emt 00:00:25]} 22. Rb1 {[%clk 00:45:51]} {[%emt 00:01:14]} Ba5 {[%clk
00:43:55]} {[%emt 00:00:49]} 23. Red1 {[%clk 00:45:00]} {[%emt 00:01:06]} Bc3
{[%clk 00:43:19]} {[%emt 00:00:51]} 24. Kh1 {[%clk 00:44:28]} {[%emt 00:00:47]}
Qf4 {[%clk 00:42:22]} {[%emt 00:01:12]} 25. Kg1 {[%clk 00:43:36]} {[%emt
00:01:08]} Rd6 {[%clk 00:40:01]} {[%emt 00:02:36]} 26. Kh1 {[%clk 00:42:36]}
{[%emt 00:01:15]} Rf6 {[%clk 00:39:54]} {[%emt 00:00:19]} 27. g4 {[%clk
00:41:22]} {[%emt 00:01:32]} Bg6 {[%clk 00:39:03]} {[%emt 00:01:04]} 28. Kg2
{[%clk 00:41:04]} {[%emt 00:00:34]} a5 {[%clk 00:36:34]} {[%emt 00:02:46]} 29.
Rdc1 {[%clk 00:39:17]} {[%emt 00:02:01]} Bb2 {[%clk 00:32:14]} {[%emt
00:04:36]} 30. Rc2 {[%clk 00:38:55]} {[%emt 00:00:37]} Ba3 {[%clk 00:31:33]}
{[%emt 00:00:55]} 31. Nh4 {[%clk 00:38:49]} {[%emt 00:00:22]} h5 {[%clk
00:23:57]} {[%emt 00:07:52]} 32. Nxg6 {[%clk 00:38:25]} {[%emt 00:00:39]} Rxg6
{[%clk 00:23:48]} {[%emt 00:00:25]} 33. Qf3 {[%clk 00:37:45]} {[%emt 00:00:54]}
Qg5 {[%clk 00:23:03]} {[%emt 00:01:00]} 34. Rg1 {[%clk 00:36:32]} {[%emt
00:01:29]} Qh4 {[%clk 00:22:31]} {[%emt 00:00:43]} 35. Kf1 {[%clk 00:35:25]}
{[%emt 00:01:25]} hxg4 {[%clk 00:21:59]} {[%emt 00:00:47]} 36. Rxg4 {[%clk
00:35:10]} {[%emt 00:00:30]} Qh5 {[%clk 00:21:17]} {[%emt 00:00:55]} 37. Ke2
{[%clk 00:34:51]} {[%emt 00:00:36]} Rf6 {[%clk 00:20:59]} {[%emt 00:00:34]} 38.
Qg3 {[%clk 00:34:08]} {[%emt 00:00:58]} Rf4 {[%clk 00:19:33]} {[%emt 00:01:40]}
39. Kf1 {[%clk 00:33:58]} {[%emt 00:00:24]} f6 {[%clk 00:18:34]} {[%emt
00:01:16]} 40. Rxg7+ {[%clk 00:33:28]} {[%emt 00:00:43]} Kf8 {[%clk 00:17:57]}
{[%emt 00:00:52]} 41. Rg4 {[%clk 00:33:15]} {[%emt 00:00:29]} c6 {[%clk
00:14:53]} {[%emt 00:03:20]} 42. Re2 {[%clk 00:33:12]} {[%emt 00:00:18]} f5
{[%clk 00:13:34]} {[%emt 00:01:33]} 43. Rg5 {[%clk 00:31:56]} {[%emt 00:01:30]}
Qf7 {[%clk 00:12:12]} {[%emt 00:01:37]} 44. Rxf5 {[%clk 00:31:50]} {[%emt
00:00:23]} Rxf5 {[%clk 00:12:01]} {[%emt 00:00:26]} 45. exf5 {[%clk 00:31:49]}
{[%emt 00:00:16]} Qxf5 {[%clk 00:12:01]} {[%emt 00:00:14]} 46. Rxe5 {[%clk
00:31:43]} {[%emt 00:00:22]} Qc8 {[%clk 00:11:15]} {[%emt 00:01:00]} 47. Qf4+
{[%clk 00:31:32]} {[%emt 00:00:26]} Qf5 {[%clk 00:10:49]} {[%emt 00:00:41]} 48.
Qxf5+ {[%clk 00:30:58]} {[%emt 00:00:49]} Kg7 {[%clk 00:10:53]} {[%emt
00:00:10]} 49. Re7+ {[%emt 00:00:55]} Kh6 {[%clk 00:10:26]} {[%emt 00:00:01]}
50. Rh7# {[%clk 00:30:58]} {[%emt 00:00:17]} 1-0